| 000 | 00587nam a22001697a 4500 | ||
|---|---|---|---|
| 005 | 20230215080242.0 | ||
| 008 | 230215b |||||||| |||| 00| 0 eng d | ||
| 020 | _a978-971-9654-71-1 | ||
| 082 | _aFil. 658.5 Sa228 2017 | ||
| 100 |
_aSan Pedro, Lorna S.L. _eauthor |
||
| 245 |
_aOperations research for business management / _cLorma S.L. San Pedro |
||
| 260 |
_aManila: _bUnlimited Books Library Services and Publishing, _cc2017 |
||
| 300 |
_axii, 216p.: _bill. |
||
| 504 | _aIncludes bibliographical references | ||
| 541 | _e5972 c.1, 5973 c.2, 5974 c.3 | ||
| 650 | _aOperations research | ||
| 999 |
_c1130 _d1130 |
||